| 000 | 01458cam a22003614a 4500 | ||
|---|---|---|---|
| 001 | 12807303 | ||
| 003 | OSt | ||
| 005 | 20180116183020.0 | ||
| 008 | 020607s2002 enka b 001 0 eng | ||
| 010 | _a 2002075742 | ||
| 020 | _a0333961129 | ||
| 040 |
_aDLC _cDLC _dDLC |
||
| 042 | _apcc | ||
| 050 | 0 | 0 |
_aHD47.3 _b.W35 2002 |
| 082 | 0 | 0 |
_a658.1552 WAL 2015 _221 |
| 100 | 1 |
_aWalters, David, _d1936- |
|
| 245 | 1 | 0 |
_aOperations Strategy _cDavid Walters. |
| 260 |
_aHoundmills, Basingstoke, Hampshire ; _aNew York : _bPalgrave Macmillan, _c2002. |
||
| 300 |
_aix, 390 p. : _bill. ; _c24 cm. |
||
| 440 | _aOperations Strategy | ||
| 504 | _aIncludes bibliographical references and index. | ||
| 650 | 0 | _aValue analysis (Cost control) | |
| 650 | 0 | _aValue. | |
| 650 | 0 | _aOrganizational change. | |
| 650 | 0 | _aOrganizational effectiveness. | |
| 650 | 0 | _aIndustrial management. | |
| 856 | 4 | 2 |
_3Contributor biographical information _uhttp://www.loc.gov/catdir/bios/hol052/2002075742.html |
| 856 | 4 | 2 |
_3Publisher description _uhttp://www.loc.gov/catdir/description/hol032/2002075742.html |
| 856 | 4 | 1 |
_3Table of contents _uhttp://www.loc.gov/catdir/toc/hol031/2002075742.html |
| 906 |
_a7 _bcbc _corignew _d1 _eocip _f20 _gy-gencatlg |
||
| 942 |
_2ddc _cBK |
||
| 999 |
_c350526 _d350526 |
||